000 00288nam a22001217a 4500
008 170525b xxu||||| |||| 00| 0 eng d
041 _aeng
080 _a887.52
100 _a26
101 _aIM
245 _aCAD ROBOTICS AND FACTORIES OF THE FUTURE
_cPRASAD.B
942 _2udc
_cBK
999 _c14286
_d14286